000 00221nam a2200097Ia 4500
008 190216s9999||||xx |||||||||||||| ||und||
100 _aScaria I M
245 0 _aSasya Phisiology
260 _bKerala Basha Inst
942 _cBK
999 _c37618
_d37618